Loading...
ഒറ്റമുറിക്കൊട്ടാരം
| Hovedforfatter: | |
|---|---|
| Format: | Printed Book |
| Sprog: | English |
| Fag: |
| LEADER | 00627nam a22001697a 4500 | ||
|---|---|---|---|
| 008 | 130723b xxu||||| |||| 00| 0 eng d | ||
| 020 | |a 9788190996389 | ||
| 082 | |a 894.1301 KUM | ||
| 100 | |a കുമാരന്, യു. കെ. | ||
| 240 | |a Ottamurikottaram | ||
| 245 | |a ഒറ്റമുറിക്കൊട്ടാരം |c യു. കെ. കുമാരന് | ||
| 300 | |a 95p. | ||
| 600 | |a Kumaran, U. K. | ||
| 650 | |a Stories | ||
| 942 | |2 ddc |c BK | ||
| 999 | |c 1750 |d 1750 | ||
| 952 | |0 0 |1 0 |2 ddc |4 0 |6 894_130100000000000_KUM |7 0 |9 1930 |a MAIN |b MAIN |d 2013-07-23 |e Haritham Books |g 70.00 |o 894.1301 KUM |p 2021 |r 2013-07-23 |w 2013-07-23 |y BK | ||